00324nam a2200121 a 450000500170000000800410001702000180005805000210007610000140009724500280011126000350013944000280017420140412111412.0070703s19uu xx 00 eng d a0-439-72212-8 aTR(PS EbFi 2002 aUlz, Ivan aFire truck /cIvan Ulz. aNew York :bScholastic,c2002. aSing and read storybook